[Event "RB-2022-0-00418"]
[Site "LSS email"]
[Date "2022.12.02"]
[Round "?"]
[White "Matugin, Sergei"]
[Black "Ilyin, Igor"]
[Result "1/2-1/2"]
[WhiteElo "1921"]
[BlackElo "1839"]
[PlyCount "25"]
[EventDate "2022.03.19"]
[EventType "tourn (corr)"]
[EventRounds "6"]
[EventCountry "GER"]
[SourceTitle "Corr 2024"]
[Source "ChessBase"]
[SourceDate "2023.10.19"]
[SourceVersion "1"]
[SourceVersionDate "2023.10.19"]
[SourceQuality "1"]

1. e4 Nf6 2. e5 Nd5 3. d4 d6 4. Nf3 g6 5. Bc4 Nb6 6. Bb3 Bg7 7. a4 dxe5 8. a5 N6d7 9. Bxf7+ Kxf7 10. Ng5+ Kg8 11. Ne6 Qe8 12. Nxc7 Qd8 13. Ne6 1/2-1/2

[Event "LSS No Engine Cup 230 Preliminary 0"]
[Site "LSS email"]
[Date "2022.10.08"]
[Round "?"]
[White "Ilyin, Igor"]
[Black "Mostowik, Pawel"]
[Result "0-1"]
[WhiteElo "1467"]
[BlackElo "2153"]
[PlyCount "66"]
[EventDate "2022.10.08"]
[EventType "tourn (corr)"]
[EventRounds "6"]
[EventCountry "GER"]
[SourceTitle "Corr 2024"]
[Source "ChessBase"]
[SourceDate "2023.10.19"]
[SourceVersion "1"]
[SourceVersionDate "2023.10.19"]
[SourceQuality "1"]

1. d4 d5 2. Nf3 e6 3. e3 Nf6 4. Bd3 c5 5. b3 Nc6 6. a3 a6 7. Bb2 b5 8. dxc5 Bxc5 9. Nbd2 0-0 10. 0-0 Bb7 11. b4 Bd6 12. h3 e5 13. e4 d4 14. c4 Na7 15. Rc1 Re8 16. Re1 Bc7 17. c5 Nc6 18. Nh2 Qd7 19. Qe2 Nd8 20. Rf1 Ne6 21. Ng4 Nf4 22. Nxf6+ gxf6 23. Qf3 Kh8 24. Kh2 Rg8 25. Rg1 Rg6 26. g4 Kg7 27. Nf1 h5 28. Ng3 hxg4 29. Nf5+ Qxf5 30. exf5 Bxf3 31. fxg6 Rh8 32. Rg3 e4 33. Rxf3 exf3 0-1

[Event "LSS No Engine Cup 215 Preliminary 0"]
[Site "LSS email"]
[Date "2021.03.13"]
[Round "?"]
[White "Ilyin, Igor"]
[Black "Helmbrecht, John"]
[Result "0-1"]
[WhiteElo "1488"]
[BlackElo "1768"]
[PlyCount "56"]
[EventDate "2021.03.13"]
[EventType "tourn (corr)"]
[EventRounds "6"]
[EventCountry "GER"]
[SourceTitle "Corr 2024"]
[Source "ChessBase"]
[SourceDate "2023.10.19"]
[SourceVersion "1"]
[SourceVersionDate "2023.10.19"]
[SourceQuality "1"]

1. c4 Nf6 2. Nc3 e6 3. e4 d5 4. e5 d4 5. exf6 dxc3 6. bxc3 Qxf6 7. d4 Nc6 8. Nf3 e5 9. d5 Nb8 10. Bg5 Qd6 11. Bd3 Nd7 12. 0-0 f6 13. Be3 Nc5 14. Bc2 Bg4 15. h3 Bh5 16. g4 Bf7 17. Rb1 Qa6 18. a4 Qxc4 19. g5 Qxd5 20. gxf6 gxf6 21. Bxc5 Bxc5 22. Bb3 Qc6 23. Bxf7+ Kxf7 24. Nh4 Rhg8+ 25. Kh2 Rg5 26. Qd3 e4 27. Qc4+ Kf8 28. Rb2 Bd6+ 0-1

[Event "OP-2020-0-05076"]
[Site "LSS email"]
[Date "2020.12.31"]
[Round "?"]
[White "Ilyin, Igor"]
[Black "Sciarretta, Robert W"]
[Result "0-1"]
[WhiteElo "1997"]
[BlackElo "2107"]
[PlyCount "74"]
[EventDate "2020.12.30"]
[EventType "tourn (corr)"]
[EventRounds "4"]
[EventCountry "GER"]
[SourceTitle "Corr 2022"]
[Source "ChessBase"]
[SourceDate "2021.10.24"]
[SourceVersion "1"]
[SourceVersionDate "2021.10.24"]
[SourceQuality "1"]

1. c4 e5 2. Nc3 Nf6 3. g3 Bb4 4. Bg2 0-0 5. e4 d6 6. Nge2 Bg4 7. a3 Bxc3 8. bxc3 Nbd7 9. d3 Nc5 10. Be3 Bd7 11. Rb1 b6 12. 0-0 Ng4 13. Bc1 f5 14. d4 Ba4 15. Qd2 Nxe4 16. Qe1 Nexf2 17. Rxf2 Nxf2 18. Qxf2 Rb8 19. Bd2 Bc2 20. Re1 Qd7 21. Nc1 Rbe8 22. dxe5 dxe5 23. c5 Be4 24. Bxe4 fxe4 25. Qe2 Rf3 26. Be3 Qf7 27. a4 Rd8 28. Bg5 Rf8 29. Be3 Rd8 30. Bg5 Rf8 31. Be3 h5 32. cxb6 cxb6 33. Qa2 Rc8 34. Qd2 Rf8 35. Qe2 Qg6 36. Nb3 Rxg3+ 37. Kh1 Rff3 0-1

[Event "RA-2020-0-00673"]
[Site "LSS email"]
[Date "2020.11.05"]
[Round "?"]
[White "Kolanek, Roman"]
[Black "Ilyin, Igor"]
[Result "1-0"]
[WhiteElo "2074"]
[BlackElo "2006"]
[PlyCount "93"]
[EventDate "2020.09.18"]
[EventType "tourn (corr)"]
[EventRounds "6"]
[EventCountry "GER"]
[SourceTitle "Corr 2022"]
[Source "ChessBase"]
[SourceDate "2021.10.24"]
[SourceVersion "1"]
[SourceVersionDate "2021.10.24"]
[SourceQuality "1"]

1. d4 Nf6 2. c4 g6 3. Nc3 Bg7 4. e4 0-0 5. Nf3 d6 6. Be2 c5 7. 0-0 cxd4 8. Nxd4 Nc6 9. Be3 Nd7 10. Qd2 Bxd4 11. Bxd4 Nxd4 12. Qxd4 Qb6 13. Qd2 Nf6 14. Nd5 Nxd5 15. exd5 Re8 16. h4 e5 17. dxe6 Bxe6 18. h5 d5 19. h6 Rad8 20. Rad1 f6 21. Qc3 d4 22. Qa3 Bf7 23. Rd2 Re5 24. Rfd1 Qc7 25. b3 b5 26. g3 bxc4 27. bxc4 Qb6 28. Rb2 Qc5 29. Qxc5 Rxc5 30. Rb7 Ra5 31. Rdb1 Rxa2 32. Bf1 Kf8 33. Rc7 Bg8 34. c5 Re8 35. Rb4 Rd2 36. c6 Rd1 37. Rd7 Rc8 38. Kg2 a5 39. Rb6 Rc1 40. Bb5 Bf7 41. Rbb7 Bg8 42. Rxd4 Rc5 43. Rd6 Bd5+ 44. f3 Rc2+ 45. Kh3 Rc5 46. Ba4 Bxc6 47. Bxc6 1-0

[Event "RA-2020-0-00673"]
[Site "LSS email"]
[Date "2020.11.05"]
[Round "?"]
[White "Van Bommel, Ton"]
[Black "Ilyin, Igor"]
[Result "1/2-1/2"]
[WhiteElo "2155"]
[BlackElo "2006"]
[PlyCount "101"]
[EventDate "2020.09.18"]
[EventType "tourn (corr)"]
[EventRounds "6"]
[EventCountry "GER"]
[SourceTitle "Corr 2022"]
[Source "ChessBase"]
[SourceDate "2021.10.24"]
[SourceVersion "1"]
[SourceVersionDate "2021.10.24"]
[SourceQuality "1"]

1. e4 c5 2. Nf3 d6 3. d4 cxd4 4. Nxd4 Nf6 5. Nc3 g6 6. Be3 Bg7 7. f3 0-0 8. Qd2 Nc6 9. Bc4 Bd7 10. 0-0-0 Rc8 11. Bb3 Nxd4 12. Bxd4 b5 13. a3 a5 14. Nd5 Nxd5 15. Bxg7 Kxg7 16. exd5 Qb6 17. Rhe1 Rfe8 18. g4 Rb8 19. Re4 a4 20. Ba2 f5 21. Rd4 fxg4 22. fxg4 Rf8 23. Kb1 Rf7 24. Re1 Rbf8 25. Ka1 Kg8 26. c3 Qd8 27. Rde4 Rf2 28. Qd4 R8f7 29. h4 Rf1 30. h5 Qf8 31. Bb1 Rxe1 32. Rxe1 Rf1 33. hxg6 hxg6 34. Rxf1 Qxf1 35. Qe4 Qf7 36. Qxg6+ Qxg6 37. Bxg6 Bxg4 38. Bd3 Bd7 39. b4 Kf7 40. c4 bxc4 41. Bxc4 e5 42. dxe6+ Bxe6 43. Bb5 Bb3 44. Bc6 Ke7 45. Kb2 Kd8 46. Kc3 Kc7 47. Bb5 Bd1 48. Bd3 Bb3 49. Be4 Kb6 50. Kd4 Bg8 51. Bc2 1/2-1/2

[Event "OP-2020-0-05046"]
[Site "LSS email"]
[Date "2020.10.31"]
[Round "?"]
[White "Sorcinelli, Andrea"]
[Black "Ilyin, Igor"]
[Result "1-0"]
[WhiteElo "2315"]
[BlackElo "2009"]
[PlyCount "77"]
[EventDate "2020.10.31"]
[EventType "tourn (corr)"]
[EventRounds "4"]
[EventCountry "GER"]
[SourceTitle "Corr 2024"]
[Source "ChessBase"]
[SourceDate "2023.10.19"]
[SourceVersion "1"]
[SourceVersionDate "2023.10.19"]
[SourceQuality "1"]

1. e4 c5 2. Nf3 d6 3. d4 cxd4 4. Nxd4 Nf6 5. Nc3 g6 6. Be3 Bg7 7. f3 a6 8. Qd2 Nc6 9. 0-0-0 Bd7 10. g4 Ne5 11. h4 h6 12. Be2 b5 13. g5 hxg5 14. hxg5 Nh5 15. f4 Nc4 16. Bxc4 bxc4 17. f5 Rb8 18. Nd5 Be5 19. b3 cxb3 20. axb3 e6 21. Nf4 Bxf4 22. Bxf4 e5 23. fxg6 fxg6 24. Nf5 Bxf5 25. exf5 Rf8 26. Be3 Ng3 27. Rh7 Nxf5 28. Qd5 Ne7 29. Qe6 Qd7 30. Qxd7+ Kxd7 31. Bc5 Kc6 32. Bxd6 Nd5 33. Bxb8 Rxb8 34. Rg7 Nf4 35. Re7 Rb5 36. Rf7 a5 37. Rf6+ Kc5 38. Re1 Kd4 39. Rd6+ 1-0

[Event "LSS No Engine Cup 208 Preliminary 0"]
[Site "LSS email"]
[Date "2020.10.01"]
[Round "?"]
[White "Ilyin, Igor"]
[Black "Mostowik, Daniel"]
[Result "0-1"]
[WhiteElo "1533"]
[BlackElo "1600"]
[PlyCount "100"]
[EventDate "2020.10.01"]
[EventType "tourn (corr)"]
[EventRounds "6"]
[EventCountry "GER"]
[SourceTitle "Corr 2022"]
[Source "ChessBase"]
[SourceDate "2021.10.24"]
[SourceVersion "1"]
[SourceVersionDate "2021.10.24"]
[SourceQuality "1"]

1. e4 c5 2. Nf3 d6 3. d4 cxd4 4. Nxd4 Nf6 5. Nc3 g6 6. Be3 Bg7 7. f3 0-0 8. Qd2 Nc6 9. Bc4 a6 10. Bb3 Nxd4 11. Bxd4 Be6 12. 0-0-0 b5 13. g4 Qa5 14. Nd5 Qxd2+ 15. Rxd2 Bxd5 16. exd5 Bh6 17. Re1 Bxd2+ 18. Kxd2 Rfe8 19. h4 Nd7 20. c3 Nc5 21. Bc2 e5 22. Be3 Kg7 23. Bf2 Rac8 24. Bg1 f6 25. Bh2 Na4 26. Kc1 Nb6 27. Bg1 Nxd5 28. Rd1 Nf4 29. Bh2 Rcd8 30. Bb3 Ng2 31. Bg3 Ne3 32. Rd3 Nc4 33. Bd1 d5 34. Bf2 e4 35. fxe4 dxe4 36. Rxd8 Rxd8 37. b3 Nb2 38. Be2 Nd3+ 39. Bxd3 Rxd3 40. Bd4 Kf7 41. g5 fxg5 42. hxg5 Ke6 43. Bf6 e3 44. c4 e2 45. cxb5 e1Q+ 46. Kb2 axb5 47. Ka3 Qa5+ 48. Kb2 Rd2+ 49. Kc1 Qxa2 50. b4 Qc2# 0-1

[Event "LSS No Engine Cup 208 Preliminary 0"]
[Site "LSS email"]
[Date "2020.10.01"]
[Round "?"]
[White "Ilyin, Igor"]
[Black "Neumann, Otto"]
[Result "1-0"]
[WhiteElo "1533"]
[BlackElo "1169"]
[PlyCount "47"]
[EventDate "2020.10.01"]
[EventType "tourn (corr)"]
[EventRounds "6"]
[EventCountry "GER"]
[SourceTitle "Corr 2022"]
[Source "ChessBase"]
[SourceDate "2021.10.24"]
[SourceVersion "1"]
[SourceVersionDate "2021.10.24"]
[SourceQuality "1"]

1. e4 c6 2. d4 d5 3. Nc3 dxe4 4. Nxe4 Nf6 5. Nxf6+ exf6 6. c3 Be7 7. Bd3 Nd7 8. Bf4 Nb6 9. Nf3 Nd5 10. Bg3 Bg4 11. h3 Bh5 12. 0-0 0-0 13. Re1 Re8 14. a3 Rc8 15. c4 Nc7 16. Be2 Ne6 17. d5 cxd5 18. cxd5 Nc5 19. Bb5 Nd7 20. Qa4 Nb6 21. Qxa7 Rf8 22. d6 Bxd6 23. Rad1 Bxf3 24. Rxd6 1-0

[Event "LSS No Engine Cup 208 Preliminary 0"]
[Site "LSS email"]
[Date "2020.10.01"]
[Round "?"]
[White "Lukin, Andrey"]
[Black "Ilyin, Igor"]
[Result "1-0"]
[WhiteElo "1818"]
[BlackElo "1533"]
[PlyCount "99"]
[EventDate "2020.10.01"]
[EventType "tourn (corr)"]
[EventRounds "6"]
[EventCountry "GER"]
[SourceTitle "Corr 2022"]
[Source "ChessBase"]
[SourceDate "2021.10.24"]
[SourceVersion "1"]
[SourceVersionDate "2021.10.24"]
[SourceQuality "1"]

1. e4 c5 2. Nf3 d6 3. d4 cxd4 4. Nxd4 Nf6 5. Nc3 g6 6. Be3 Bg7 7. f3 a6 8. Qd2 h5 9. Bc4 Nbd7 10. 0-0 Ne5 11. Bb3 Bd7 12. a4 Rc8 13. a5 0-0 14. Na4 Bxa4 15. Rxa4 Nfd7 16. Raa1 Nc5 17. Ba2 Kh7 18. b4 Ncd7 19. Qe2 Rc3 20. Bd2 Rc7 21. c3 Qc8 22. h3 b5 23. f4 Nc4 24. Be1 e5 25. fxe5 Ndxe5 26. Rd1 Bh6 27. Nc2 f5 28. exf5 Rxf5 29. Rxf5 Qxf5 30. Bb1 Qf6 31. Qe4 Rf7 32. Bh4 Qe6 33. Ba2 Rf4 34. Qb7+ Rf7 35. Qxa6 g5 36. Nd4 Nf3+ 37. gxf3 Qxh3 38. Bb1+ Kg8 39. Qa8+ Bf8 40. Bf2 Ne5 41. Ba2 Nc4 42. Nxb5 g4 43. Bxc4 gxf3 44. Bxf7+ Kxf7 45. Qd5+ Kg6 46. Qg8+ Kf5 47. Qxf8+ Kg6 48. Rxd6+ Kg5 49. Qf6+ Kg4 50. Rd4# 1-0

[Event "LSS No Engine Cup 208 Preliminary 0"]
[Site "LSS email"]
[Date "2020.10.01"]
[Round "?"]
[White "Verich, Oleg"]
[Black "Ilyin, Igor"]
[Result "0-1"]
[WhiteElo "1361"]
[BlackElo "1533"]
[PlyCount "86"]
[EventDate "2020.10.01"]
[EventType "tourn (corr)"]
[EventRounds "6"]
[EventCountry "GER"]
[SourceTitle "Corr 2022"]
[Source "ChessBase"]
[SourceDate "2021.10.24"]
[SourceVersion "1"]
[SourceVersionDate "2021.10.24"]
[SourceQuality "1"]

1. d4 Nf6 2. c4 g6 3. Nc3 Bg7 4. Nf3 0-0 5. e4 d6 6. Bd3 c5 7. d5 e6 8. Bg5 h6 9. Bd2 exd5 10. cxd5 a6 11. Qc2 Re8 12. 0-0 b5 13. Qb1 Nbd7 14. Re1 Qc7 15. Ne2 c4 16. Bc2 Nc5 17. Ng3 a5 18. a3 Bd7 19. Qc1 Kh7 20. Bc3 Re7 21. Nd4 Rae8 22. Qd2 Nfxe4 23. Nxe4 Nxe4 24. Bxe4 Rxe4 25. Rxe4 Rxe4 26. f3 Re8 27. Ne2 Qc5+ 28. Kh1 Qf2 29. Re1 Bf5 30. Bxa5 Bd3 31. Nc1 Rxe1+ 32. Qxe1 Qxe1+ 33. Bxe1 Bxb2 34. Nxd3 cxd3 35. Bd2 Bxa3 36. Kg1 b4 37. Kf2 b3 38. Bc3 b2 39. Bxb2 Bxb2 40. Ke3 Be5 41. g3 Kg7 42. Kxd3 f5 43. Ke3 g5 0-1

[Event "SA-2020-0-00730"]
[Site "LSS email"]
[Date "2020.08.01"]
[Round "?"]
[White "Luers, Lavas"]
[Black "Ilyin, Igor"]
[Result "1/2-1/2"]
[WhiteElo "2090"]
[BlackElo "2000"]
[PlyCount "84"]
[EventDate "2020.07.01"]
[EventType "tourn (corr)"]
[EventRounds "6"]
[EventCountry "GER"]
[SourceTitle "Corr 2022"]
[Source "ChessBase"]
[SourceDate "2021.10.24"]
[SourceVersion "1"]
[SourceVersionDate "2021.10.24"]
[SourceQuality "1"]

1. c4 e5 2. g3 Nf6 3. Bg2 c6 4. Nc3 d5 5. d4 e4 6. a3 Be7 7. f3 exf3 8. Nxf3 dxc4 9. e4 b5 10. 0-0 0-0 11. Bf4 Bb7 12. Nh4 Bc8 13. h3 Na6 14. Kh2 Ne8 15. Nf5 Bxf5 16. exf5 Rc8 17. a4 b4 18. Ne4 Nac7 19. Rc1 Nd5 20. Rxc4 Nef6 21. Qb3 Nxe4 22. Bxe4 Bf6 23. Be5 Qe7 24. Bxd5 cxd5 25. Rxc8 Rxc8 26. Qxd5 Rc2+ 27. Kg1 h5 28. h4 Rxb2 29. Rc1 Qe8 30. Qc6 Qxc6 31. Rxc6 Bxe5 32. dxe5 Re2 33. Rc8+ Kh7 34. e6 fxe6 35. Kf1 Re4 36. fxe6 Rxe6 37. Rb8 Rb6 38. Rxb6 axb6 39. Ke2 Kg6 40. Kd3 Kf5 41. Kc4 Kg4 42. Kxb4 Kxg3 1/2-1/2

[Event "LSS No Engine Cup 205 Preliminary 0"]
[Site "LSS email"]
[Date "2020.07.06"]
[Round "?"]
[White "Ilyin, Igor"]
[Black "Jokmin, Guido"]
[Result "1-0"]
[WhiteElo "1480"]
[BlackElo "1040"]
[PlyCount "57"]
[EventDate "2020.07.06"]
[EventType "tourn (corr)"]
[EventRounds "6"]
[EventCountry "GER"]
[SourceTitle "Corr 2022"]
[Source "ChessBase"]
[SourceDate "2021.10.24"]
[SourceVersion "1"]
[SourceVersionDate "2021.10.24"]
[SourceQuality "1"]

1. e4 e6 2. d4 d5 3. Nc3 Nc6 4. e5 f6 5. Nf3 fxe5 6. dxe5 Bb4 7. Bd2 Nge7 8. Bd3 0-0 9. 0-0 Nf5 10. Ng5 Nxe5 11. Qh5 h6 12. Nf3 Nxd3 13. cxd3 d4 14. Ne4 Bxd2 15. Nfxd2 Nh4 16. f4 g6 17. Qe2 Nf5 18. Nc4 c6 19. Ne5 Kg7 20. Rf3 Bd7 21. g4 Nh4 22. Rf2 g5 23. Raf1 b6 24. fxg5 Rxf2 25. Qxf2 Nf5 26. gxf5 Qc7 27. Qf4 h5 28. f6+ Kf8 29. g6 1-0